[Event "Titled Tuesday intern op 06th Feb Early"]
[Site "Chess.com INT"]
[Date "2024.02.06"]
[Round "2"]
[White "Lima, Kleyton Alcantara"]
[Black "Bindrich, Falko"]
[Result "0-1"]
[WhiteElo "2083"]
[BlackElo "2584"]
[PlyCount "144"]
[EventDate "2024.02.06"]
[EventType "swiss (blitz)"]
[EventRounds "11"]
[EventCountry "USA"]
[SourceTitle "CB07_2024"]
[SourceDate "2024.02.14"]
[SourceVersion "1"]
[SourceVersionDate "2024.02.14"]
[SourceQuality "1"]

1. e4 e5 2. Nf3 Nc6 3. d4 exd4 4. Nxd4 Bc5 5. Nb3 Bb6 6. Nc3 Nf6 7. Bg5 h6 8. Bh4 d6 9. Bb5 0-0 10. f3 Ne5 11. Nd5 g5 12. Nxb6 axb6 13. Bg3 Nh5 14. 0-0 Qf6 15. Nd4 c6 16. Be2 Bd7 17. Qd2 Nf4 18. Bxf4 gxf4 19. g3 Ng6 20. a3 Kh8 21. Rad1 Rg8 22. Kf2 c5 23. Nf5 Bxf5 24. exf5 Qxf5 25. Bd3 Qh3 26. Rh1 Rae8 27. Bxg6 Rxg6 28. Qxf4 Qd7 29. Rhe1 Rxe1 30. Rxe1 Kg7 31. Kg2 Qb5 32. b3 Qa5 33. Rd1 Qxa3 34. Rxd6 Rxd6 35. Qxd6 Qb2 36. Qd3 b5 37. h4 b4 38. g4 b5 39. g5 hxg5 40. hxg5 Qe5 41. Qxb5 Qxg5+ 42. Kh3 Qf5+ 43. Kg3 Qxc2 44. Qd7 Qxb3 45. Qg4+ Kf6 46. Qf4+ Ke6 47. Qe4+ Kd6 48. Qf4+ Kc6 49. Qe4+ Qd5 50. Qe8+ Qd7 51. Qa8+ Kb5 52. Qb8+ Kc4 53. Qf4+ Kb3 54. Qc1 Qd6+ 55. f4 Qd3+ 56. Kg4 Qc3 57. Qb1+ Ka4 58. Qa2+ Kb5 59. Qxf7 b3 60. Qb7+ Kc4 61. f5 b2 62. Kg5 Qc1+ 63. Kf6 b1Q 64. Qf7+ Kb4 65. Qb7+ Kc3 66. Qc7 Qb4 67. Qg3+ Kb2 68. Qf2+ Qc2 69. Qf1 Qd4+ 70. Kg6 c4 71. Kh7 Qdd3 72. Kg6 Qxf1 0-1

[Event "Criciuma op-A"]
[Site "Criciuma"]
[Date "2024.01.13"]
[Round "2"]
[White "Lima, Kleyton Alcantara"]
[Black "Woichinevski, Joao Vinicius Peru"]
[Result "0-1"]
[WhiteElo "2119"]
[BlackElo "1747"]
[PlyCount "58"]
[EventDate "2024.01.12"]
[EventType "swiss"]
[EventRounds "9"]
[EventCountry "BRA"]
[SourceTitle "CB04_2024"]
[SourceDate "2023.10.16"]
[SourceVersion "1"]
[SourceVersionDate "2023.10.16"]
[SourceQuality "1"]

1. e4 e5 2. Nf3 Nf6 3. Nxe5 d6 4. Nf3 Nxe4 5. d4 d5 6. Bd3 Bf5 7. 0-0 Be7 8. c4 c6 9. Qc2 Nd7 10. Nc3 Ndf6 11. Re1 0-0 12. a3 Re8 13. c5 Bf8 14. Ne5 Bxc5 15. dxc5 Rxe5 16. f3 Nxc5 17. Rxe5 Bxd3 18. Qf2 Nb3 19. Ra2 Nxc1 20. Ra1 Nb3 21. Rd1 Bg6 22. Kh1 Qb6 23. Qe2 Nd4 24. Qd2 Ne6 25. b4 Rd8 26. h3 h6 27. f4 Ne4 28. Qc1 Nf2+ 29. Kh2 Nxd1 0-1

[Event "Titled Tuesday intern op 09th Jan Early"]
[Site "Chess.com INT"]
[Date "2024.01.09"]
[Round "3"]
[White "Bregu, Riza"]
[Black "Lima, Kleyton Alcantara"]
[Result "0-1"]
[WhiteElo "2105"]
[BlackElo "2119"]
[PlyCount "108"]
[EventDate "2024.01.09"]
[EventType "swiss (blitz)"]
[EventRounds "11"]
[EventCountry "USA"]
[SourceTitle "CB03_2024"]
[SourceDate "2024.01.17"]
[SourceVersion "1"]
[SourceVersionDate "2024.01.17"]
[SourceQuality "1"]

1. e4 c5 2. b4 cxb4 3. a3 d5 4. exd5 Nf6 5. axb4 Nxd5 6. c3 g6 7. d4 Bg7 8. Nf3 0-0 9. Be2 Bg4 10. 0-0 Nc6 11. b5 Nb8 12. Re1 Nd7 13. c4 Nc7 14. Ra3 Ne6 15. h3 Bxf3 16. Bxf3 Nxd4 17. Bxb7 Rb8 18. Bd5 e6 19. Be4 Nc5 20. Rxa7 Qb6 21. Ra3 Rbd8 22. Bd2 f5 23. Bf3 e5 24. Bd5+ Kh8 25. Ba5 Qd6 26. Bxd8 Rxd8 27. Nc3 e4 28. Ne2 Nd3 29. Rxd3 exd3 30. Nxd4 Bxd4 31. Qxd3 Qf4 32. Qf3 Qd2 33. Re7 Bc5 34. Qe2 Qc1+ 35. Qe1 Qb2 36. Qe5+ Qxe5 37. Rxe5 Kg7 38. Re6 Rb8 39. g4 Bd4 40. Kg2 fxg4 41. hxg4 g5 42. Kf3 h6 43. Ke4 Bxf2 44. Re7+ Kg6 45. Re6+ Kg7 46. Re7+ Kg6 47. Be6 Rb6 48. Bf5+ Kf6 49. Kd5 Kxe7 50. Bd3 Rd6+ 51. Ke4 Rd4+ 52. Kf3 Rxd3+ 53. Kxf2 Kd6 54. Ke2 Rc3 0-1

[Event "Titled Tuesday intern op 14th Nov Early"]
[Site "Chess.com INT"]
[Date "2023.11.14"]
[Round "3"]
[White "Kozak, Antoni"]
[Black "Lima, Kleyton Alcantara"]
[Result "1-0"]
[WhiteElo "2442"]
[BlackElo "2108"]
[PlyCount "79"]
[EventDate "2023.11.14"]
[EventType "swiss (blitz)"]
[EventRounds "11"]
[EventCountry "USA"]
[SourceTitle "CB47_2023"]
[SourceDate "2023.11.22"]
[SourceVersion "1"]
[SourceVersionDate "2023.11.22"]
[SourceQuality "1"]

1. e4 c5 2. Nf3 d6 3. Nc3 Nf6 4. h3 a6 5. a4 e6 6. Bc4 Nc6 7. 0-0 Be7 8. Re1 0-0 9. d3 d5 10. Bb3 dxe4 11. dxe4 Qxd1 12. Nxd1 b6 13. c3 Bb7 14. Bc2 Rfd8 15. Ne3 b5 16. Ng4 Nxg4 17. hxg4 b4 18. g5 c4 19. Be3 b3 20. Bd1 Rd7 21. Be2 Nd8 22. Ne5 Rc7 23. f3 Rac8 24. Red1 f6 25. gxf6 gxf6 26. Nd7 Nf7 27. Nb6 Rd8 28. Bxc4 Kg7 29. Bxe6 Ne5 30. Bxb3 Nd3 31. Rd2 Nc5 32. Bd5 Bxd5 33. Rxd5 Nb3 34. Rad1 Rb8 35. Rd7 Rxd7 36. Rxd7 Kf8 37. Nd5 Bc5 38. Rxh7 Bxe3+ 39. Nxe3 Nc5 40. Rh8+ 1-0

[Event "Titled Tuesday intern op 14th Nov Early"]
[Site "Chess.com INT"]
[Date "2023.11.14"]
[Round "1"]
[White "Lima, Kleyton Alcantara"]
[Black "Anishka, Vikram"]
[Result "1-0"]
[WhiteElo "2108"]
[BlackElo "1712"]
[PlyCount "59"]
[EventDate "2023.11.14"]
[EventType "swiss (blitz)"]
[EventRounds "11"]
[EventCountry "USA"]
[SourceTitle "CB47_2023"]
[SourceDate "2023.11.22"]
[SourceVersion "1"]
[SourceVersionDate "2023.11.22"]
[SourceQuality "1"]

1. e4 c5 2. Nf3 d6 3. d4 cxd4 4. Nxd4 Nf6 5. Nc3 g6 6. Be3 Bg7 7. f3 0-0 8. Qd2 Nc6 9. 0-0-0 d5 10. Nxc6 bxc6 11. Bc4 e6 12. Bb3 Qa5 13. Kb1 Qc7 14. h4 h5 15. g4 a5 16. e5 Nd7 17. gxh5 Nxe5 18. hxg6 fxg6 19. h5 Nxf3 20. Qg2 d4 21. h6 dxc3 22. hxg7 Qxg7 23. Bh6 Qf7 24. Bxf8 Kxf8 25. Rhf1 Nd2+ 26. Rxd2 cxd2 27. Rxf7+ Kxf7 28. Qxd2 Ba6 29. Qd7+ Kf6 30. Qxe6+ 1-0

[Event "Titled Tuesday intern op 14th Nov Early"]
[Site "Chess.com INT"]
[Date "2023.11.14"]
[Round "6"]
[White "Lima, Kleyton Alcantara"]
[Black "Hayrapetyan, Hovik"]
[Result "1-0"]
[WhiteElo "2108"]
[BlackElo "2426"]
[PlyCount "97"]
[EventDate "2023.11.14"]
[EventType "swiss (blitz)"]
[EventRounds "11"]
[EventCountry "USA"]
[SourceTitle "CB47_2023"]
[SourceDate "2023.11.22"]
[SourceVersion "1"]
[SourceVersionDate "2023.11.22"]
[SourceQuality "1"]

1. e4 c5 2. Nf3 d6 3. d4 cxd4 4. Nxd4 Nf6 5. Nc3 a6 6. Bg5 Nbd7 7. Qe2 h6 8. Bh4 g6 9. f4 e5 10. fxe5 dxe5 11. 0-0-0 Qc7 12. Nb3 b5 13. Nd5 Nxd5 14. exd5 Bd6 15. Qd2 Nc5 16. Nxc5 Qxc5 17. Bf6 Be7 18. Bxe7 Qxe7 19. d6 Qg5 20. Re1 Qxd2+ 21. Kxd2 f6 22. Bd3 Kf7 23. Rhf1 Kg7 24. a4 Rd8 25. axb5 Rxd6 26. bxa6 Bxa6 27. Ke3 Bxd3 28. cxd3 Rb8 29. Re2 Rb3 30. Rd2 f5 31. Ke2 Kf6 32. Rc1 Rdb6 33. Rcc2 g5 34. g3 f4 35. Kf3 h5 36. gxf4 gxf4 37. Ke4 R6b4+ 38. d4 Re3+ 39. Kd5 e4 40. Rc6+ Kf5 41. Rc8 f3 42. Rf8+ Kg4 43. Ke5 Rd3 44. Rf4+ Kg5 45. h4+ Kg6 46. Rxd3 exd3 47. Rxf3 Rb3 48. Rg3+ Kf7 49. Rg2 1-0

[Event "Titled Tuesday intern op 24th Oct Late"]
[Site "Chess.com INT"]
[Date "2023.10.24"]
[Round "3"]
[White "Lima, Kleyton Alcantara"]
[Black "Gubajdullin, Alexey"]
[Result "0-1"]
[WhiteElo "2108"]
[BlackElo "2253"]
[PlyCount "40"]
[EventDate "2023.10.24"]
[EventType "swiss (blitz)"]
[EventRounds "11"]
[EventCountry "USA"]
[SourceTitle "Mega2024 Update 01"]
[Source "Chessbase"]
[SourceDate "2023.11.12"]
[SourceVersion "1"]
[SourceVersionDate "2023.11.12"]
[SourceQuality "1"]

1. d4 Nf6 2. c4 g6 3. Nc3 Bg7 4. e4 d6 5. Nf3 0-0 6. Bd3 Na6 7. 0-0 e5 8. d5 Nc5 9. Bc2 a5 10. a3 Nh5 11. Ne1 Nf4 12. Be3 f5 13. f3 Qg5 14. b4 Nh3+ 15. Kh1 Qxe3 16. gxh3 axb4 17. axb4 Rxa1 18. Qxa1 fxe4 19. bxc5 Bxh3 20. Ng2 Qd2 0-1

[Event "Titled Tuesday intern op 26th Sep Early"]
[Site "Chess.com INT"]
[Date "2023.09.26"]
[Round "1"]
[White "Buraczewski, Rafal"]
[Black "Lima, Kleyton Alcantara"]
[Result "0-1"]
[WhiteElo "2123"]
[BlackElo "2108"]
[PlyCount "70"]
[EventDate "2023.09.26"]
[EventType "swiss (blitz)"]
[EventRounds "11"]
[EventCountry "USA"]
[SourceTitle "EXT 2024"]
[Source "ChessBase"]
[SourceDate "2023.10.10"]
[SourceVersion "1"]
[SourceVersionDate "2023.10.10"]
[SourceQuality "1"]

1. e4 c5 2. Nf3 d6 3. d4 cxd4 4. Nxd4 Nf6 5. Nc3 a6 6. Bd3 e5 7. Nf3 Be7 8. 0-0 0-0 9. Be3 Nc6 10. Qd2 Nb4 11. a3 Nxd3 12. Qxd3 h6 13. Rad1 Be6 14. Rfe1 Rc8 15. Qd2 Ng4 16. h3 Nxe3 17. Qxe3 b5 18. Nxe5 Qa5 19. Nf3 Rfe8 20. e5 dxe5 21. Nxe5 b4 22. axb4 Bxb4 23. Ra1 Qc7 24. Rxa6 f6 25. Nd3 Bf7 26. Qd2 Red8 27. Qf4 Qxf4 28. Nxf4 Rd2 29. Rc1 g5 30. Nfd5 Bxd5 31. Nxd5 Rxd5 32. c3 Bd6 33. c4 Rd2 34. b4 Rxc4 35. Rb6 Rxc1# 0-1

[Event "Titled Tuesday intern op 26th Sep Early"]
[Site "Chess.com INT"]
[Date "2023.09.26"]
[Round "3"]
[White "Lima, Kleyton Alcantara"]
[Black "Gunina, Valentina"]
[Result "0-1"]
[WhiteElo "2108"]
[BlackElo "2439"]
[PlyCount "156"]
[EventDate "2023.09.26"]
[EventType "swiss (blitz)"]
[EventRounds "11"]
[EventCountry "USA"]
[SourceTitle "EXT 2024"]
[Source "ChessBase"]
[SourceDate "2023.10.10"]
[SourceVersion "1"]
[SourceVersionDate "2023.10.10"]
[SourceQuality "1"]

1. e4 c6 2. d4 d5 3. e5 c5 4. dxc5 e6 5. a3 Bxc5 6. b4 Be7 7. Nf3 f6 8. Bb2 Nc6 9. Bd3 Nh6 10. 0-0 Nf7 11. Re1 fxe5 12. Nxe5 Ncxe5 13. Bxe5 Nxe5 14. Rxe5 Bf6 15. Qh5+ g6 16. Bb5+ Kf7 17. Qf3 Kg7 18. Qe2 Rf8 19. c3 Bxe5 20. Qxe5+ Qf6 21. Qe2 e5 22. Nd2 e4 23. Rc1 Be6 24. Nb3 Rac8 25. Qd2 Rc7 26. Nd4 Bf7 27. a4 Rfc8 28. Bf1 h6 29. g3 Qg5 30. Qe1 a6 31. Bh3 Re8 32. b5 e3 33. f4 Qf6 34. Bg2 Rc4 35. h4 Rxa4 36. bxa6 bxa6 37. Nf3 e2 38. Ne5 Rxe5 39. fxe5 Qxe5 40. Rc2 Rg4 41. Rxe2 Qxg3 42. Qd1 Rxh4 43. Rf2 Rh1+ 44. Kxh1 Qxf2 45. Qa1 Qf6 46. Qa5 h5 47. Qc7 d4 48. cxd4 Qxd4 49. Qb7 a5 50. Qa6 a4 51. Kh2 Kh6 52. Qc6 Qf4+ 53. Kh1 a3 54. Qa8 Qc1+ 55. Kh2 Kg7 56. Bd5 Qd2+ 57. Kh3 Qxd5 58. Qxa3 Qf5+ 59. Kh2 Qf4+ 60. Kh1 Bd5+ 61. Kg1 Qg4+ 62. Kf1 Qg2+ 63. Ke1 Qg1+ 64. Ke2 Bc4+ 65. Kd2 Qf2+ 66. Kd1 Qe2+ 67. Kc1 h4 68. Qc3+ Kh6 69. Qh3 Qe1+ 70. Kc2 Qf2+ 71. Kb1 Bd5 72. Qc8 Be4+ 73. Ka1 Qe1+ 74. Kb2 Qb1+ 75. Ka3 Qa1+ 76. Kb4 Qb2+ 77. Ka4 Qc2+ 78. Kb4 Qxc8 0-1

[Event "Titled Tuesday intern op 19th Sep Late"]
[Site "Chess.com INT"]
[Date "2023.09.19"]
[Round "4"]
[White "Schnaider, Ilan"]
[Black "Lima, Kleyton Alcantara"]
[Result "1-0"]
[WhiteElo "2292"]
[BlackElo "2108"]
[PlyCount "95"]
[EventDate "2023.09.19"]
[EventType "swiss (blitz)"]
[EventRounds "11"]
[EventCountry "USA"]
[SourceTitle "EXT 2024"]
[Source "ChessBase"]
[SourceDate "2023.10.10"]
[SourceVersion "1"]
[SourceVersionDate "2023.10.10"]
[SourceQuality "1"]

1. e4 c5 2. Nf3 d6 3. Bb5+ Bd7 4. Bxd7+ Nxd7 5. 0-0 Ngf6 6. Re1 a6 7. c3 e6 8. d4 Be7 9. h3 0-0 10. Bf4 cxd4 11. cxd4 b5 12. Nbd2 Rc8 13. Nf1 Nb6 14. Ng3 Qc7 15. Rc1 Qb7 16. e5 dxe5 17. Bxe5 Nfd7 18. Qd2 Nc4 19. Qf4 Ndxe5 20. dxe5 Nxb2 21. Qg4 Nd3 22. Rxc8 Rxc8 23. Rd1 Rc1 24. Rxc1 Nxc1 25. Nh5 Bf8 26. Nf6+ Kh8 27. Nxh7 Kxh7 28. Qh5+ Kg8 29. Ng5 Ba3 30. Qh7+ Kf8 31. Qh8+ Ke7 32. Qxg7 Ke8 33. Qg8+ Bf8 34. Nh7 Qe7 35. Nf6+ Kd8 36. Qg5 Ne2+ 37. Kf1 Nd4 38. Qd2 Qc5 39. Qa5+ Ke7 40. Kg1 Qc1+ 41. Kh2 Qf4+ 42. Kh1 Qc1+ 43. Kh2 Qf4+ 44. g3 Qc1 45. Qb4+ Kd8 46. Qxf8+ Kc7 47. Qd6+ Kb7 48. Qxd4 1-0

[Event "Titled Tuesday intern op 19th Sep Late"]
[Site "Chess.com INT"]
[Date "2023.09.19"]
[Round "2"]
[White "Vakhlamov, Igor L"]
[Black "Lima, Kleyton Alcantara"]
[Result "0-1"]
[WhiteElo "2413"]
[BlackElo "2108"]
[PlyCount "108"]
[EventDate "2023.09.19"]
[EventType "swiss (blitz)"]
[EventRounds "11"]
[EventCountry "USA"]
[SourceTitle "EXT 2024"]
[Source "ChessBase"]
[SourceDate "2023.10.10"]
[SourceVersion "1"]
[SourceVersionDate "2023.10.10"]
[SourceQuality "1"]

1. e4 c5 2. Nf3 d6 3. Nc3 a6 4. d4 cxd4 5. Qxd4 Nf6 6. e5 Nc6 7. Qa4 dxe5 8. Nxe5 Bd7 9. Nxd7 Qxd7 10. Be3 e6 11. Rd1 Qc7 12. g3 Bb4 13. Bg2 0-0 14. 0-0 Bxc3 15. bxc3 Rfd8 16. Qb3 Qe7 17. Rb1 Rd7 18. Rfd1 Rad8 19. Rxd7 Rxd7 20. Qc4 Nd5 21. Bc5 Qd8 22. Qb3 Na5 23. Qa3 Nc4 24. Qa4 Nxc3 25. Qxc4 Nxb1 26. h4 Nd2 27. Qb4 h6 28. Be3 b5 29. a4 Nc4 30. Bc5 Rd1+ 31. Kh2 Qd7 32. Bf3 Rd2 33. axb5 Qxb5 34. Qxb5 axb5 35. c3 Ne5 36. Be4 Nd3 37. Be3 Nxf2 38. Bxd2 Nxe4 39. Be1 f5 40. Kg2 Kf7 41. Kf3 g5 42. hxg5 hxg5 43. g4 Kf6 44. Ke3 Ke5 45. gxf5 exf5 46. Kd3 g4 47. Bh4 f4 48. Bd8 Kd5 49. Bc7 Nc5+ 50. Ke2 Ke4 51. Bb6 f3+ 52. Kf2 Nd3+ 53. Kg3 Ne5 54. Bd4 b4 0-1

[Event "Titled Tuesday intern op 05th Sep Late"]
[Site "Chess.com INT"]
[Date "2023.09.05"]
[Round "2"]
[White "Lima, Kleyton Alcantara"]
[Black "Odeh, Kenneth"]
[Result "1-0"]
[WhiteElo "2108"]
[BlackElo "1932"]
[PlyCount "57"]
[EventDate "2023.09.05"]
[EventType "swiss (blitz)"]
[EventRounds "11"]
[EventCountry "USA"]
[SourceTitle "EXT 2024"]
[Source "ChessBase"]
[SourceDate "2023.10.10"]
[SourceVersion "1"]
[SourceVersionDate "2023.10.10"]
[SourceQuality "1"]

1. e4 c6 2. d4 d5 3. e5 Bf5 4. h4 h6 5. g4 Bh7 6. e6 fxe6 7. Bd3 Nf6 8. Bxh7 Rxh7 9. f4 Qa5+ 10. c3 Nbd7 11. h5 0-0-0 12. Be3 Ne4 13. Nf3 Ndf6 14. Ne5 Nd7 15. Nd2 Nxe5 16. fxe5 c5 17. Nxe4 cxd4 18. Bxd4 dxe4 19. 0-0 g5 20. Qe2 Bg7 21. Qxe4 Rhh8 22. Rf7 Rhg8 23. Rxe7 Qb5 24. Rf1 Bf8 25. Rxe6 Bc5 26. a4 Qa5 27. Rf7 Bxd4+ 28. cxd4 Qb4 29. Ree7 1-0

[Event "Titled Tuesday intern op 29th Aug Late"]
[Site "Chess.com INT"]
[Date "2023.08.29"]
[Round "6"]
[White "Perske, Thore"]
[Black "Lima, Kleyton Alcantara"]
[Result "0-1"]
[WhiteElo "2448"]
[BlackElo "2108"]
[PlyCount "95"]
[EventDate "2023.08.29"]
[EventType "swiss (blitz)"]
[EventRounds "11"]
[EventCountry "USA"]
[SourceTitle "EXT 2024"]
[Source "ChessBase"]
[SourceDate "2023.10.10"]
[SourceVersion "1"]
[SourceVersionDate "2023.10.10"]
[SourceQuality "1"]

1. d4 Nf6 2. g3 d5 3. Bg2 e6 4. Nf3 b5 5. 0-0 Be7 6. a4 b4 7. a5 0-0 8. c4 bxc3 9. Nxc3 c5 10. Bf4 Nc6 11. dxc5 Bxc5 12. Ne5 Nxa5 13. Nd3 Be7 14. e4 Bb7 15. e5 Nd7 16. h4 Nc4 17. h5 h6 18. Qg4 Bg5 19. b3 Ncb6 20. Rfe1 Bxf4 21. gxf4 Qe7 22. Nb5 Nc5 23. Nxc5 Qxc5 24. Nd6 Qc7 25. Rac1 Qe7 26. Kh2 f5 27. exf6 Rxf6 28. Nxb7 Qxb7 29. Rxe6 Rxe6 30. Qxe6+ Qf7 31. f5 Re8 32. Qg6 Qd7 33. Bh3 Re2 34. Kg1 d4 35. f6 Qf7 36. Bf1 Re6 37. Qxg7+ Qxg7+ 38. fxg7 Kxg7 39. Rc7+ Kf6 40. Rxa7 Rd6 41. Bd3 Nd5 42. Rh7 Kg5 43. Be2 Nf4 44. Rg7+ Kf6 45. Rh7 d3 46. Rxh6+ Ke5 47. Rxd6 dxe2 48. Rd3 0-1

[Event "Titled Tuesday intern op 22nd Aug Late"]
[Site "Chess.com INT"]
[Date "2023.08.22"]
[Round "7"]
[White "Lima, Kleyton Alcantara"]
[Black "Ovezdurdiyeva, Jemal"]
[Result "0-1"]
[WhiteElo "2108"]
[BlackElo "2057"]
[PlyCount "178"]
[EventDate "2023.08.22"]
[EventType "swiss (blitz)"]
[EventRounds "11"]
[EventCountry "USA"]
[SourceTitle "EXT 2024"]
[Source "ChessBase"]
[SourceDate "2023.10.10"]
[SourceVersion "1"]
[SourceVersionDate "2023.10.10"]
[SourceQuality "1"]

1. d4 Nf6 2. c4 e6 3. g3 d5 4. Nf3 Be7 5. Bg2 0-0 6. 0-0 Ne4 7. Nbd2 f5 8. Qc2 c6 9. b3 Nd7 10. Bb2 Qc7 11. Rac1 Bf6 12. Rfd1 g5 13. e3 g4 14. Ne1 h5 15. h4 gxh3 16. Bxh3 h4 17. gxh4 Bxh4 18. Nd3 Kf7 19. f4 Rg8+ 20. Kh1 Rh8 21. Nf3 Ndf6 22. Nde5+ Ke8 23. Rg1 Nf2+ 24. Kh2 Nxh3 25. Kxh3 Bf2+ 26. Kg2 Bxg1 27. Rxg1 Qh7 28. Kf1 Qh3+ 29. Ke1 Bd7 30. Qe2 Kd8 31. Nf7+ Kc7 32. Nxh8 Rxh8 33. cxd5 exd5 34. Qg2 Qxg2 35. Rxg2 Ng4 36. Kd2 Rh1 37. Ne5 Rb1 38. Bc3 b5 39. Nxg4 fxg4 40. Kc2 Rh1 41. a3 Bf5+ 42. Kd2 Kd6 43. Bb4+ Ke6 44. Bc5 a6 45. a4 bxa4 46. bxa4 Ra1 47. Kc3 Rxa4 48. Bf8 Rc4+ 49. Kb3 a5 50. Bc5 Rc1 51. Ka4 Ra1+ 52. Kb3 Re1 53. Rg3 Re2 54. Bb6 Bc2+ 55. Kc3 a4 56. Bc5 Kf5 57. Bd6 Bd1 58. Kd3 Rb2 59. Kc3 Rf2 60. Rg1 Bb3 61. Kb4 Rf3 62. Kc5 Rxe3 63. Kxc6 Rc3+ 64. Kb5 g3 65. Kb4 Rd3 66. Ka3 Bd1+ 67. Kb2 Kg4 68. f5 Kh3 69. Rxg3+ Rxg3 70. Bxg3 Kxg3 71. Ka3 Bh5 72. Kxa4 Kf4 73. Kb4 Ke4 74. Kc5 Bf7 75. f6 Kf5 76. Kd6 Kxf6 77. Kc5 Kf5 78. Kd6 Ke4 79. Ke7 Kxd4 80. Kxf7 Ke4 81. Kf6 d4 82. Ke6 d3 83. Kf6 d2 84. Ke6 d1Q 85. Kf6 Qd4+ 86. Ke6 Qd5+ 87. Kf6 Qe5+ 88. Kf7 Qd6 89. Kg7 Qe6 0-1

[Event "Titled Tuesday intern op 22nd Aug Early"]
[Site "Chess.com INT"]
[Date "2023.08.22"]
[Round "1"]
[White "Lima, Kleyton Alcantara"]
[Black "Seifert, Henryk"]
[Result "1-0"]
[WhiteElo "2108"]
[BlackElo "2106"]
[PlyCount "73"]
[EventDate "2023.08.22"]
[EventType "swiss (blitz)"]
[EventRounds "11"]
[EventCountry "USA"]
[SourceTitle "EXT 2024"]
[Source "ChessBase"]
[SourceDate "2023.10.10"]
[SourceVersion "1"]
[SourceVersionDate "2023.10.10"]
[SourceQuality "1"]

1. d4 d5 2. c4 c6 3. Nf3 e6 4. e3 Nf6 5. b3 Nbd7 6. Bb2 Bd6 7. Bd3 0-0 8. 0-0 b6 9. Nbd2 Bb7 10. Qc2 h6 11. Rac1 Rc8 12. Rfd1 Qe7 13. e4 dxe4 14. Nxe4 Nxe4 15. Bxe4 Nf6 16. Bd3 Bf4 17. Ra1 c5 18. Qe2 Rfd8 19. d5 Re8 20. dxe6 Qxe6 21. Qxe6 fxe6 22. Ne5 Bxe5 23. Bxe5 Ng4 24. Bc3 Rf8 25. f3 Ne3 26. Re1 Nf5 27. Rxe6 Nd4 28. Re7 Bc6 29. Rxa7 Rcd8 30. Bf1 Bxf3 31. Bxd4 Rxd4 32. gxf3 Rxf3 33. Bg2 Re3 34. Rf1 Re2 35. Rf2 Re1+ 36. Bf1 Rdd1 37. Rff7 1-0

[Event "Titled Tuesday intern op 15th Aug Early"]
[Site "Chess.com INT"]
[Date "2023.08.15"]
[Round "4"]
[White "Leiva Rodriguez, Jeammarco Giuseppe"]
[Black "Lima, Kleyton Alcantara"]
[Result "1/2-1/2"]
[WhiteElo "2380"]
[BlackElo "2108"]
[PlyCount "257"]
[EventDate "2023.08.15"]
[EventType "swiss (blitz)"]
[EventRounds "11"]
[EventCountry "USA"]
[SourceTitle "EXT 2024"]
[Source "ChessBase"]
[SourceDate "2023.10.10"]
[SourceVersion "1"]
[SourceVersionDate "2023.10.10"]
[SourceQuality "1"]

1. e4 c5 2. Nf3 d6 3. Bb5+ Bd7 4. a4 Nf6 5. d3 g6 6. 0-0 Bg7 7. h3 0-0 8. Re1 a6 9. Bxd7 Nbxd7 10. Nc3 Rc8 11. Be3 h6 12. Qd2 Kh7 13. Bf4 Nb8 14. e5 dxe5 15. Nxe5 Nc6 16. Nxc6 Rxc6 17. Qe2 e6 18. Be5 Nd5 19. Bxg7 Kxg7 20. Qe5+ Qf6 21. Nxd5 exd5 22. Qxd5 Qxb2 23. Rab1 Qxc2 24. Rxb7 Rf6 25. f3 Qxa4 26. Qxc5 Re8 27. Rxe8 Qxe8 28. Qd4 Qe6 29. Rd7 Qb6 30. Kf2 Qxd4+ 31. Rxd4 Rb6 32. Ke3 Rb2 33. g3 Ra2 34. h4 h5 35. Kf4 a5 36. Rd7 a4 37. Ra7 a3 38. d4 Ra1 39. d5 a2 40. d6 Rd1 41. Rxa2 Rxd6 42. Ra4 Rf6+ 43. Ke3 Re6+ 44. Kf2 Rc6 45. Ra2 Rb6 46. Kg2 Rc6 47. Kh3 Rc3 48. Kg2 Rc6 49. Rf2 Rc3 50. Kh3 Rb3 51. Kg2 Rc3 52. Rd2 Ra3 53. Kf2 Rb3 54. Rc2 Ra3 55. Rb2 Rc3 56. Ke2 Ra3 57. Rd2 Ra1 58. Ke3 Ra3+ 59. Ke4 Ra4+ 60. Rd4 Ra5 61. Kf4 Ra3 62. Rb4 Rc3 63. Re4 Ra3 64. Rb4 Ra1 65. g4 hxg4 66. fxg4 Ra5 67. Rc4 Rb5 68. Ra4 Rc5 69. Re4 Ra5 70. Rd4 Rb5 71. Rd3 Rb4+ 72. Kg3 Ra4 73. Rf3 Rb4 74. Rf4 Rb1 75. h5 gxh5 76. gxh5 Rh1 77. Kg4 Rg1+ 78. Kh4 Rh1+ 79. Kg5 f6+ 80. Kg4 Rg1+ 81. Kf5 Rg5+ 82. Ke4 Rxh5 83. Kf3 Kg6 84. Ra4 Rc5 85. Ra3 Kg5 86. Rb3 Rc4 87. Rb8 Kf5 88. Rb5+ Kg6 89. Rd5 Rc3+ 90. Kf4 Ra3 91. Rb5 Ra4+ 92. Kf3 f5 93. Rb8 Kf6 94. Rf8+ Ke5 95. Re8+ Kf6 96. Rf8+ Ke6 97. Ke3 Ra1 98. Kf4 Rf1+ 99. Ke3 Ke5 100. Re8+ Kf6 101. Ke2 Ra1 102. Kf3 Ra3+ 103. Kf4 Ra4+ 104. Kf3 Kf7 105. Rb8 Kg6 106. Rg8+ Kf6 107. Ke3 Ra6 108. Kf4 Ra4+ 109. Kf3 Ra1 110. Rf8+ Ke5 111. Re8+ Kd6 112. Re2 Ra4 113. Re8 Ra3+ 114. Kf4 Ra5 115. Re1 Kd7 116. Kg5 Kd6 117. Kf6 Kd7 118. Rd1+ Kc7 119. Ke6 f4 120. Rd4 f3 121. Rc4+ Kd8 122. Rd4+ Kc7 123. Rc4+ Kd8 124. Rf4 Ra3 125. Kd6 Ke8 126. Ke5 Ke7 127. Ke4 Ra4+ 128. Kxf3 Rxf4+ 129. Kxf4 1/2-1/2

[Event "Titled Tuesday intern op 08th Aug Late"]
[Site "Chess.com INT"]
[Date "2023.08.08"]
[Round "1"]
[White "Lima, Kleyton Alcantara"]
[Black "Guseinov, Gadir"]
[Result "1/2-1/2"]
[WhiteElo "2108"]
[BlackElo "2661"]
[PlyCount "240"]
[EventDate "2023.08.08"]
[EventType "swiss (blitz)"]
[EventRounds "11"]
[EventCountry "USA"]
[SourceTitle "EXT 2024"]
[Source "ChessBase"]
[SourceDate "2023.10.10"]
[SourceVersion "1"]
[SourceVersionDate "2023.10.10"]
[SourceQuality "1"]

1. e4 c5 2. Nf3 g6 3. d4 cxd4 4. Nxd4 Nc6 5. c4 Nf6 6. Nc3 Nxd4 7. Qxd4 d6 8. Be2 Bg7 9. 0-0 0-0 10. Qd3 a5 11. Be3 a4 12. Bd4 Bd7 13. b4 axb3 14. axb3 Bc6 15. Nd5 Bxd5 16. exd5 Rxa1 17. Rxa1 Nd7 18. h4 h5 19. Bxg7 Kxg7 20. Ra7 Qb6 21. Qe3 Nc5 22. Ra3 Qb4 23. Ra7 Re8 24. Bd1 e5 25. dxe6 Rxe6 26. Qd4+ Rf6 27. Kh2 Qe1 28. Ra2 Ne6 29. Qa1 Qe4 30. g3 Nd4 31. Qc3 Qe5 32. Kg2 Qe4+ 33. Kh2 Kh7 34. Rd2 Nf3+ 35. Bxf3 Rxf3 36. Qd4 Qxd4 37. Rxd4 Rxf2+ 38. Kg1 Rf3 39. Kg2 Rxb3 40. Rxd6 Kg7 41. c5 Rc3 42. Rb6 Rxc5 43. Rxb7 Kf6 44. Rb6+ Kf5 45. Rb4 Re5 46. Rf4+ Ke6 47. Ra4 f6 48. Kf3 Rf5+ 49. Kg2 Rc5 50. Ra6+ Kf5 51. Ra4 Rd5 52. Kf3 Rd3+ 53. Kg2 Re3 54. Rf4+ Ke5 55. Ra4 Re4 56. Ra5+ Ke6 57. Kf3 Re5 58. Ra6+ Kf5 59. Ra4 Rb5 60. Rf4+ Ke6 61. Re4+ Kd5 62. Rf4 Rb3+ 63. Kg2 Ke5 64. Ra4 Rd3 65. Rb4 Rd4 66. Rb6 Kf5 67. Kf3 Rd5 68. Rb4 g5 69. hxg5 Kxg5 70. Ra4 Rb5 71. Rc4 Rb3+ 72. Kg2 f5 73. Kh3 Rb1 74. Rf4 Re1 75. Ra4 Rh1+ 76. Kg2 Rd1 77. Ra8 Rd6 78. Rg8+ Kf6 79. Ra8 Ke5 80. Rh8 Ke4 81. Rxh5 Rd2+ 82. Kh3 Rf2 83. Rh8 Rf1 84. Kg2 Ra1 85. Re8+ Kd5 86. Rd8+ Ke5 87. Re8+ Kf6 88. Rf8+ Kg6 89. Rb8 Ra2+ 90. Kh3 Ra3 91. Rg8+ Kh5 92. Rh8+ Kg5 93. Rg8+ Kh6 94. Rf8 Kg6 95. Rg8+ Kf7 96. Rg5 Ke6 97. Rg6+ Kf7 98. Rg5 Kf6 99. Rg8 Ra7 100. Kg2 Re7 101. Rf8+ Ke5 102. Ra8 Rd7 103. Ra5+ Kf6 104. Ra6+ Kg5 105. Ra5 Rd3 106. Rb5 Re3 107. Ra5 Re4 108. Rb5 Kg4 109. Rb3 Re2+ 110. Kf1 Ra2 111. Kg1 Ra4 112. Kf1 Re4 113. Kf2 Rc4 114. Ra3 Rb4 115. Rc3 Kh3 116. Kf3 Rb1 117. Kf4 Rb4+ 118. Kxf5 Rg4 119. Rd3 Rxg3 120. Rxg3+ Kxg3 1/2-1/2